| 000 | 00610nam a2200217Ia 4500 | ||
|---|---|---|---|
| 008 | 160303s9999 xx 000 0 und d | ||
| 050 | _aFIL HG 1615 | ||
| 050 | _b.L36 2003 c.2 | ||
| 100 | _aLaman, Rose Marie B. | ||
| 245 | _aCommercial bank organization, operation and management / | ||
| 245 | _cRose Marie B. Laman. | ||
| 260 | _aManila: | ||
| 260 | _bGIC Enterprises and Co,. Inc., | ||
| 260 | _c2003 | ||
| 300 | _a292 pages : | ||
| 300 | _billustrations ; | ||
| 300 | _c22 cm. | ||
| 500 | _aIncludes bibliographical references. | ||
| 650 | _aBank management. | ||
| 650 | _aCommercial bank. | ||
| 999 |
_c291303 _d291303 |
||